000 00560nam a2200181 i 4500
001 146873
003 ES-MaACL
005 20230906201718.0
007 t|
008 070919s1963 sp ||||1| spa d
080 _a351.83:331.822(46)
100 1 _aTrull Roset, Francisco.
_9111584
245 1 0 _aActividades molestas, insalubres, nocivas y peligrosas /
_cFrancisco Trull Roset.
260 _aBarcelona :
_bAnabasis,
_c[1963]
300 _a147 p. ;
_c21 cm.
650 1 4 _aActividades clasificadas-
_zEspaƱa.
_99589
852 _aES-MaACL
_jC-24863
_bR.53204
999 _c146873
_d146873